Statistics for Countries with the Most Area in the Tropics

Click here to take the quiz!

General Stats

  • This quiz has been taken 15,722 times
    (15,382 since last reset)
  • The average score is 15 of 20

Answer Stats

km2 Country % in Tropics % Correct
7.88 milBrazil92.5
97%
2.34 milD.R. Congo100
92%
1.91 milIndonesia100
91%
1.90 milIndia60
88%
1.14 milColombia100
87%
1.29 milPeru100
86%
0.916 milVenezuela100
83%
1.25 milNiger99
78%
2.89 milAustralia37.5
75%
1.10 milBolivia100
75%
0.923 milNigeria100
75%
1.89 milSudan100
74%
0.982 milMexico50
74%
1.28 milChad100
73%
0.945 milTanzania100
70%
1.10 milEthiopia100
69%
1.18 milMali95
66%
1.25 milAngola100
63%
1.07 milSaudi Arabia50
54%
0.902 milMauritania87.5
54%

Score Distribution

Percentile by Number Answered

Percent of People with Each Score

Your Score History

You have not taken this quiz since the last reset